[Event "Skalica Rapid 2020"]
[Site "Skalica"]
[Date "2020.08.29"]
[Round "6.12"]
[White "Blaha, Tomas S"]
[Black "Gurevich, Michele"]
[Result "0-1"]
[WhiteElo "1089"]
[BlackElo "1107"]
[Annotator "NA"]
[PlyCount "125"]
[EventDate "2020.08.29"]
[EventType "swiss"]
[EventCountry "SVK"]
[SourceTitle "playchess.com"]
[Source "ChessBase"]
[SourceQuality "1"]
[TimeControl "600+5"]

1. e4 {[%emt 0:00:00]} e5 {[%emt 0:00:00]} 2. Nf3 {[%emt 0:00:00]} Nf6 {[%emt 0:00:00]} 3. Nc3 {[%emt 0:00:02]} Nc6 {[%emt 0:00:09]} 4. d4 {[%emt 0:00:02]} Bb4 {[%emt 0:01:18]} 5. dxe5 {[%emt 0:01:48]} Nxe5 {[%emt 0:00:33]} 6. Nxe5 {[%emt 0:00:06]} Qe7 {[%emt 0:00:41]} 7. f4 {[%emt 0:00:42]} d6 {[%emt 0:01:01]} 8. Nd3 {[%emt 0:00:15]} Nxe4 {[%emt 0:01:46]} 9. Qe2 {[%emt 0:02:05]} Nxc3 {[%emt 0:00:34]} 10. Qxe7+ {[%emt 0:00:03]} Kxe7 {[%emt 0:00:03]} 11. Bd2 {[%emt 0:00:02]} Nd5 {[%emt 0:00:14]} 12. Nxb4 {[%emt 0:00:09]} Nxb4 {[%emt 0:00:04]} 13. Bxb4 {[%emt 0:00:02]} Re8 {[%emt 0:00:05]} 14. O-O-O {[%emt 0:00:10]} Kf8 {[%emt 0:00:19]} 15. Bd3 {[%emt 0:00:34]} Bg4 {[%emt 0:00:12]} 16. Rde1 {[%emt 0:00:02]} Rxe1+ {[%emt 0:00:07]} 17. Rxe1 {[%emt 0:00:01]} g6 {[%emt 0:00:13]} 18. h3 {[%emt 0:00:48]} Be6 {[%emt 0:00:04]} 19. a3 {[%emt 0:00:12]} c5 {[%emt 0:00:02]} 20. Bc3 {[%emt 0:00:12]} Re8 {[%emt 0:00:13]} 21. g4 {[%emt 0:00:22]} c4 {[%emt 0:00:19]} 22. f5 {[%emt 0:01:00]} cxd3 {[%emt 0:00:09]} 23. fxe6 {[%emt 0:00:02]} dxc2 {[%emt 0:00:11]} 24. exf7 {[%emt 0:00:31]} Rxe1+ {[%emt 0:00:06]} 25. Bxe1 {[%emt 0:00:02]} Kxf7 {[%emt 0:00:04]} 26. Kxc2 {[%emt 0:00:02]} Ke6 {[%emt 0:00:02]} 27. Kd3 {[%emt 0:00:18]} d5 {[%emt 0:00:04]} 28. Bg3 {[%emt 0:00:28]} Kd7 {[%emt 0:00:18]} 29. Bf2 {[%emt 0:00:27]} Kc6 {[%emt 0:00:25]} 30. Bxa7 {[%emt 0:00:05]} b6 {[%emt 0:00:17]} 31. Bb8 {[%emt 0:00:24]} Kc5 {[%emt 0:00:05]} 32. b4+ {[%emt 0:00:09]} Kb5 {[%emt 0:00:08]} 33. Bc7 {[%emt 0:00:13]} Kc6 {[%emt 0:00:10]} 34. Bf4 {[%emt 0:00:11]} b5 {[%emt 0:00:28]} 35. h4 {[%emt 0:00:04]} Kd7 {[%emt 0:00:25]} 36. h5 {[%emt 0:00:23]} gxh5 {[%emt 0:00:05]} 37. gxh5 {[%emt 0:00:00]} Ke6 {[%emt 0:00:08]} 38. h6 {[%emt 0:00:03]} Kf5 {[%emt 0:00:06]} 39. Be3 {[%emt 0:00:03]} Kg6 {[%emt 0:00:12]} 40. Kd4 {[%emt 0:00:03]} Kf5 {[%emt 0:00:07]} 41. Kxd5 {[%emt 0:00:02]} Kg4 {[%emt 0:00:04]} 42. Kc5 {[%emt 0:00:02]} Kf3 {[%emt 0:00:01]} 43. Bc1 {[%emt 0:00:02]} Ke4 {[%emt 0:00:02]} 44. Kxb5 {[%emt 0:00:02]} Kd5 {[%emt 0:00:01]} 45. a4 {[%emt 0:00:14]} Kd6 {[%emt 0:00:07]} 46. Kb6 {[%emt 0:00:01]} Kd7 {[%emt 0:00:01]} 47. Kb7 {[%emt 0:00:01]} Kd8 {[%emt 0:00:02]} 48. a5 {[%emt 0:00:01]} Kd7 {[%emt 0:00:01]} 49. a6 {[%emt 0:00:01]} Kd8 {[%emt 0:00:01]} 50. b5 {[%emt 0:00:02]} Kd7 {[%emt 0:00:02]} 51. b6 {[%emt 0:00:02]} Kd8 {[%emt 0:00:01]} 52. a7 {[%emt 0:00:00]} Kd7 {[%emt 0:00:02]} 53. a8=Q {[%emt 0:00:03]} Kd6 {[%emt 0:00:03]} 54. Ka6 {[%emt 0:00:05]} Kc5 {[%emt 0:00:04]} 55. b7 {[%emt 0:00:01]} Kc4 {[%emt 0:00:02]} 56. b8=Q {[%emt 0:00:02]} Kc3 {[%emt 0:00:02]} 57. Qc7+ {[%emt 0:00:05]} Kd3 {[%emt 0:00:04]} 58. Qxh7+ {[%emt 0:00:03]} Ke2 {[%emt 0:00:05]} 59. Qd8 {[%emt 0:00:14]} Kf3 {[%emt 0:00:05]} 60. Qe8 {[%emt 0:00:04]} Kg4 {[%emt 0:00:03]} 61. Qhg8+ {[%emt 0:00:02]} Kh4 {[%emt 0:00:03]} 62. h7 {[%emt 0:00:02]} Kh3 {[%emt 0:00:13]} 63. h8=R# {[%emt 0:00:01]} 0-1

[Event "Skalica Rapid 2020"]
[Site "Skalica"]
[Date "2020.08.29"]
[Round "6.13"]
[White "Danada, Tomas"]
[Black "Panko Radoslav"]
[Result "0-1"]
[WhiteElo "2122"]
[BlackElo "1913"]
[Annotator "TA"]
[PlyCount "350"]
[EventDate "2020.08.29"]
[EventType "swiss"]
[EventCountry "SVK"]
[SourceTitle "playchess.com"]
[Source "ChessBase"]
[SourceQuality "1"]

{[%evp 9,350,0,5,0,0,-7,-7,0,0,-8,-2,-12,0,0,2,-16,-17,-23,0,-22,-5,-8,29,26,31,36,32,29,31,14,14,15,25,25,31,25,38,25,31,25,49,18,18,18,18,18,18,18,18,18,18,18,18,18,18,18,18,18,18,18,18,7,7,7,7,7,7,7,13,13,13,13,13,13,13,13,13,13,14,14,15,13,13,0,0,0,0,0,0,0,0,0,0,0,0,0,0,0,0,0,0,0,0,0,0,0,0,0,0,0,0,0,0,0,0,0,0,-14,0,-14,0,0,0,0,0,0,0,0,0,0,0,0,0,0,0,0,0,0,0,0,0,0,0,0,0,0,0,0,0,0,0,0,0,0,0,0,0,0,0,0,0,0,0,0,0,0,0,0,0,0,0,0,0,0,0,0,0,0,0,0,2912,0,0,0,0,0,0,0,0,0,0,0,0,0,0,0,0,0,0,0,0,0,0,0,0,0,4,4,4,4,4,4,4,0,0,0,0,0,0,0,0,0,0,0,0,0,0,0,0,0,0,0,0,0,0,0,0,0,0,0,0,0,0,0,0,-3,0,0,6,0,6,0,6,0,6,0,0,0,0,0,0,0,0,0,0,0,0,0,0,0,0,0,0,0,0,0,0,0,0,0,0,0,0,0,0,0,0,-6,0,0,0,-28,0,0,0,0,0,0,0,0,0,0,0,0,0,0,0,0,0,0,0,-29,0,-70,0,-380,0,-796,0,-1036,-942,-866,-579,-1319,-1322,-1204,-1220,-1216,-1114,-1083,-1083,-29985,-29986,-29986,-29987,-29987,-29988,-29988,-29989,-29989,-29989,-29989,-29989]} 1. f4 b6 2. e4 d5 3. exd5 Qxd5 4. Nc3 {[#]} Qe6+ $146 ({Predecessor:} 4... Qd6 5. Qf3 c6 6. Nb5 Qd7 7. Nc3 Bb7 8. Qg3 Nf6 9. Nf3 e6 10. Be2 g6 {½-½ (33) Gold,H (1841)-Goodhue,N (1996) Auckland 2011}) 5. Qe2 Qxe2+ 6. Bxe2 {B00: Queen's Fianchetto Defence, Nimzowitsch Defence.} Bb7 $1 7. Nf3 a6 8. O-O {The position is equal.} e6 9. d3 g6 10. Ne4 Bg7 11. Ne5 Nd7 (11... Ne7 {with more complications.} 12. Bf3 Nbc6 13. c3 f6 14. Nc4 O-O-O) 12. Nxd7 Kxd7 13. Bf3 Rb8 14. c3 h6 15. a4 {[%cal Ba2a4,Ba4a5][%mdl 32]} Nf6 16. a5 Nxe4 17. dxe4 b5 18. Be3 Rbd8 19. Rfd1+ Kc8 20. Kf2 Rxd1 21. Rxd1 Rd8 22. Rxd8+ Kxd8 $14 {[%mdl 4096] Endgame KBB-KBB} 23. Bc5 f5 24. Ke3 Ke8 25. g4 Bf6 26. gxf5 exf5 27. e5 Bxf3 28. exf6 $11 {KB-KB} Bd5 29. Kd4 Bf7 30. Ke5 Kd7 31. Bf8 h5 32. Bc5 Kc6 33. Ba7 Kd7 34. Bf2 Kc6 35. Kd4 Kd6 36. b4 Kc6 37. Bh4 Kd6 38. Bg5 Kc6 39. Bh6 Kd6 40. Bf8+ Kc6 41. Ke5 Kd7 42. Bc5 Ke8 43. Be7 Kd7 44. Kd4 Bc4 45. Ke3 Bf7 46. Kf2 Ke6 47. Kg3 Be8 48. Kh4 Kf7 49. Kg5 Bd7 50. Bd8 c6 51. Kh4 Be8 52. Kg3 Ke6 53. Bb6 Kd5 54. Bd4 Ke6 55. Be5 Kd5 56. Kh4 Ke6 57. Kg5 Kf7 58. Bd4 Bd7 59. Kh4 Ke6 60. Kg3 Be8 61. Kf2 Kd5 62. Ke3 Kc4 63. Bc5 Bf7 64. Kf3 Kd5 65. Kg3 Be8 66. Kh4 Ke6 67. Kg5 Kf7 68. Bd4 Bd7 69. Be5 Be8 70. Kh4 Bd7 71. Kg3 Ke6 72. Kf3 Be8 73. Ke3 {With the idea Kd4.} Kd5 74. Kd3 Bf7 75. Bd4 Be8 76. Ke3 Bf7 77. Kf3 Ke6 78. Kg3 Be8 79. Kh4 Kf7 80. Kg5 Bd7 81. Bc5 Be8 82. Be7 Bd7 83. Kh4 Be8 84. Kg3 Ke6 85. Kf3 Kd5 86. Bc5 Bf7 87. Ke3 Kc4 88. Bd4 Be8 89. Kf3 Kd5 90. Kg3 Ke6 91. Kh4 Bd7 92. Be5 Be8 93. Kg3 Kd5 94. h3 Bd7 $2 {[%mdl 8192]} (94... Ke4 $11) 95. Kf3 $2 ({Only move:} 95. f7 $18 Be6 96. f8=Q) 95... Be8 96. Kg3 Bf7 97. Kh4 {aiming for Kg5.} Ke6 98. Kg5 Be8 $1 99. Kh6 {Threatens to win with Kg7.} Kf7 $1 100. Kh7 Bd7 101. Kh6 Be8 102. Kg5 Bd7 103. Kh4 Ke6 104. Kg3 Be8 105. Kf3 Kd5 106. Ke3 Kc4 107. Bd4 Kd5 108. Kd3 Bf7 109. Bc5 Be8 110. Be7 Bf7 111. Ke3 Be8 112. Kf3 Ke6 113. Kg3 Kd5 114. Kh4 Ke6 115. Kg5 Kf7 116. Kh6 Bd7 117. Bd8 Be8 118. Kh7 Bd7 119. Kh8 Be8 120. Kh7 Bd7 121. Kh6 Be8 122. Kg5 Bd7 123. Kh4 Ke6 124. Kg3 Be8 125. Kf2 Kd5 126. Ke3 Kc4 127. Be7 Kd5 128. Kd3 Bf7 129. Bc5 Be8 130. Bd4 Bf7 131. Be5 Be8 132. Ke3 (132. Bc7 {looks sharper.} c5 133. Bb6 c4+ 134. Ke3 Bf7 135. Kf3) 132... Bf7 133. Kf3 Be8 134. Kg3 Ke6 135. Kh2 Bd7 136. Kg2 Be8 137. Kg3 Bd7 138. Kh4 (138. Bd4 {seems wilder.} Be8 139. Kf3 Kd5 140. Ke3 Kc4 141. h4) 138... Be8 139. Kg5 Kf7 140. Bb8 Bd7 141. Ba7 Be8 142. Bd4 Bd7 143. Kh4 Be8 144. Kg3 Ke6 145. Be5 Bf7 146. Kf3 Kd5 147. Ke3 Kc4 148. Bd6 Kd5 149. Bc5 Kc4 150. Kf3 Kd5 151. Kg3 Be8 152. Kh4 Ke6 153. Kg5 Kf7 154. Bd4 Bd7 155. Be5 Be8 156. Kh4 Ke6 157. Kg3 Kd5 158. Kg2 Ke6 159. Kf1 Kd5 160. Ke2 Ke4 (160... g5 $5) 161. Kd2 (161. Bc7 $11) 161... Bf7 (161... h4 $15) 162. Kc2 $2 {[%mdl 8192] [#]} (162. Bd4 $11 {and White has nothing to worry.}) 162... Kf3 $2 ({Black should try} 162... h4 $1 $19 163. Kd2 Kf3) 163. Kd3 $2 {[%mdl 8192] [#]} (163. Bc7 $11) 163... Kg3 $2 (163... h4 $1 $19 {Hoping for ...Kg2.} 164. Bd6 Kg3) 164. Bd4 $2 {[%mdl 8192]} (164. Kd4 $11) 164... Kxh3 $19 165. Bf2 h4 {...Kg4 is the strong threat.} 166. Kd4 Kg4 167. Kc5 h3 168. Bg1 Kg3 169. Kb6 Kg2 170. Kxa6 Kxg1 {KB-KP. Black mates.} 171. Kb6 h2 172. a6 h1=Q 173. a7 Qh8 174. Kb7 Bd5 175. f7 Qf8 {What a bad dream for White. Accuracy: White = 93%, Black = 95%.} 0-1

[Event "Skalica Rapid 2020"]
[Site "Skalica"]
[Date "2020.08.29"]
[Round "6.14"]
[White "Bombek, Peter"]
[Black "Sobek Michal"]
[Result "0-1"]
[WhiteElo "2090"]
[BlackElo "1913"]
[Annotator "ChessBase"]
[PlyCount "84"]
[EventDate "2020.08.29"]
[EventType "swiss"]
[EventCountry "SVK"]
[SourceTitle "playchess.com"]
[Source "ChessBase"]
[SourceQuality "1"]
[TimeControl "600+5"]

1. d4 {[%emt 0:00:13]} Nf6 {[%emt 0:00:00]} 2. Bg5 {[%emt 0:00:01]} e6 {[%emt 0:00:03]} 3. Nd2 {[%emt 0:00:06]} c5 {[%emt 0:00:11]} 4. e3 {[%emt 0:00:09]} cxd4 {[%emt 0:00:34]} 5. exd4 {[%emt 0:00:03]} Be7 {[%emt 0:00:02]} 6. c3 {[%emt 0:00:08]} d6 {[%emt 0:00:04]} 7. Bd3 {[%emt 0:00:11]} b6 {[%emt 0:00:22]} 8. Qf3 {[%emt 0:00:29]} Nd5 {[%emt 0:00:22]} 9. Bxe7 {[%emt 0:00:29]} Qxe7 {[%emt 0:00:54]} 10. c4 {[%emt 0:00:37]} Nb4 {[%emt 0:00:30]} 11. Qxa8 {[%emt 0:01:18]} Nxd3+ {[%emt 0:00:01]} 12. Ke2 {[%emt 0:00:43]} O-O {[%emt 0:00:23]} 13. Qe4 {[%emt 0:00:56]} Nb4 {[%emt 0:00:41]} 14. Ngf3 {[%emt 0:00:19]} Bb7 {[%emt 0:00:10]} 15. Qh4 {[%emt 0:00:17]} Qxh4 {[%emt 0:00:43]} 16. Nxh4 {[%emt 0:00:04]} Nc2 {[%emt 0:00:01]} 17. Rad1 {[%emt 0:00:56]} Nxd4+ {[%emt 0:00:10]} 18. Kd3 {[%emt 0:00:06]} Nbc6 {[%emt 0:01:08]} 19. Nhf3 {[%emt 0:00:23]} e5 {[%emt 0:00:24]} 20. a3 {[%emt 0:00:12]} f5 {[%emt 0:01:50]} 21. Nxd4 {[%emt 0:00:03]} Nxd4 {[%emt 0:00:04]} 22. f3 {[%emt 0:00:08]} Ne6 {[%emt 0:00:02]} 23. Kc3 {[%emt 0:00:32]} Nf4 {[%emt 0:00:27]} 24. g3 {[%emt 0:00:38]} Ne2+ {[%emt 0:00:01]} 25. Kd3 {[%emt 0:00:18]} Nd4 {[%emt 0:00:01]} 26. Rhf1 {[%emt 0:00:05]} Ba6 {[%emt 0:00:35]} 27. b4 {[%emt 0:00:21]} b5 {[%emt 0:00:01]} 28. f4 {[%emt 0:00:53]} bxc4+ {[%emt 0:00:15]} 29. Kc3 {[%emt 0:00:16]} Ne2+ {[%emt 0:00:10]} 30. Kc2 {[%emt 0:00:11]} Nd4+ {[%emt 0:00:15]} 31. Kb2 {[%emt 0:00:31]} c3+ {[%emt 0:00:12]} 32. Kxc3 {[%emt 0:00:16]} Rc8+ {[%emt 0:00:10]} 33. Kb2 {[%emt 0:00:05]} Rc2+ {[%emt 0:00:08]} 34. Kb1 {[%emt 0:00:08]} Rxd2 {[%emt 0:00:29]} 35. Rxd2 {[%emt 0:00:17]} Bxf1 {[%emt 0:00:01]} 36. a4 {[%emt 0:00:18]} Kf7 {[%emt 0:00:06]} 37. Kb2 {[%emt 0:00:02]} Ke6 {[%emt 0:00:08]} 38. b5 {[%emt 0:00:15]} Kd5 {[%emt 0:00:13]} 39. Kc3 {[%emt 0:00:02]} Kc5 {[%emt 0:00:01]} 40. fxe5 {[%emt 0:00:11]} dxe5 {[%emt 0:00:03]} 41. Rf2 {[%emt 0:00:02]} Bc4 {[%emt 0:00:05]} 42. h3 {[%emt 0:00:11]} Ne2+ {[%emt 0:00:25]} 0-1

[Event "Skalica Rapid 2020"]
[Site "Skalica"]
[Date "2020.08.29"]
[Round "6.15"]
[White "Majoros, Rozsa Evelin"]
[Black "Jablonicky, Frantisek"]
[Result "0-1"]
[WhiteElo "1936"]
[BlackElo "2038"]
[Annotator "NA"]
[PlyCount "29"]
[EventDate "2020.08.29"]
[EventType "swiss"]
[EventCountry "SVK"]
[SourceTitle "playchess.com"]
[Source "ChessBase"]
[SourceQuality "1"]
[TimeControl "600+5"]

1. e4 {[%emt 0:00:00]} c6 {[%emt 0:00:00]} 2. d4 {[%emt 0:00:00]} d5 {[%emt 0:00:00]} 3. Nd2 {[%emt 0:00:08]} dxe4 {[%emt 0:00:00]} 4. Nxe4 {[%emt 0:00:01]} Nf6 {[%emt 0:00:01]} 5. Nxf6+ {[%emt 0:00:02]} gxf6 {[%emt 0:00:01]} 6. c3 {[%emt 0:00:04]} Bf5 {[%emt 0:00:02]} 7. Nf3 {[%emt 0:00:05]} e6 {[%emt 0:00:02]} 8. Be3 {[%emt 0:00:08]} Bd6 {[%emt 0:00:02]} 9. Nh4 {[%emt 0:00:20]} Bg6 {[%emt 0:00:06]} 10. Nxg6 {[%emt 0:00:03]} hxg6 {[%emt 0:00:02]} 11. Bd3 {[%emt 0:00:24]} Qc7 {[%emt 0:00:04]} 12. h3 {[%emt 0:00:05]} Nd7 {[%emt 0:00:02]} 13. Qd2 {[%emt 0:00:10]} f5 {[%emt 0:00:32]} 14. O-O-O {[%emt 0:00:03]} Rh4 {[%emt 0:00:50]} 15. Rhf1 {[%emt 0:01:20]} 0-1

[Event "Skalica Rapid 2020"]
[Site "Skalica"]
[Date "2020.08.29"]
[Round "6.16"]
[White "Blaho, Stefan"]
[Black "Chlpek, Daniel"]
[Result "1/2-1/2"]
[WhiteElo "2090"]
[BlackElo "1879"]
[Annotator "NA"]
[PlyCount "56"]
[EventDate "2020.08.29"]
[EventType "swiss"]
[EventCountry "SVK"]
[SourceTitle "playchess.com"]
[Source "ChessBase"]
[SourceQuality "1"]
[TimeControl "600+5"]

1. d4 {[%emt 0:00:00]} d5 {[%emt 0:00:00]} 2. Bf4 {[%emt 0:00:00]} Nf6 {[%emt 0:00:00]} 3. e3 {[%emt 0:00:02]} c5 {[%emt 0:00:00]} 4. c3 {[%emt 0:00:01]} Nc6 {[%emt 0:00:00]} 5. Bd3 {[%emt 0:00:30]} Qb6 {[%emt 0:00:05]} 6. Qc1 {[%emt 0:00:37]} Bg4 {[%emt 0:00:13]} 7. Nd2 {[%emt 0:00:06]} e6 {[%emt 0:00:01]} 8. h3 {[%emt 0:00:10]} Bh5 {[%emt 0:00:05]} 9. Ngf3 {[%emt 0:00:05]} Rc8 {[%emt 0:00:00]} 10. Qb1 {[%emt 0:01:17]} cxd4 {[%emt 0:00:03]} 11. exd4 {[%emt 0:00:05]} Be7 {[%emt 0:00:10]} 12. O-O {[%emt 0:00:03]} O-O {[%emt 0:00:03]} 13. Re1 {[%emt 0:00:10]} Bg6 {[%emt 0:00:04]} 14. Bxg6 {[%emt 0:00:38]} hxg6 {[%emt 0:00:01]} 15. Re3 {[%emt 0:00:50]} Rfd8 {[%emt 0:00:16]} 16. Ne5 {[%emt 0:00:10]} Nxe5 {[%emt 0:00:04]} 17. Bxe5 {[%emt 0:00:01]} Bd6 {[%emt 0:00:14]} 18. Nf3 {[%emt 0:01:11]} Ne4 {[%emt 0:00:10]} 19. Re2 {[%emt 0:00:18]} Qb5 {[%emt 0:00:29]} 20. Qe1 {[%emt 0:00:25]} a5 {[%emt 0:00:25]} 21. Bxd6 {[%emt 0:00:16]} Rxd6 {[%emt 0:00:01]} 22. Ne5 {[%emt 0:00:04]} Rb6 {[%emt 0:00:18]} 23. c4 {[%emt 0:00:26]} Qb4 {[%emt 0:00:29]} 24. c5 {[%emt 0:00:09]} Qxe1+ {[%emt 0:00:24]} 25. Raxe1 {[%emt 0:00:03]} Rb4 {[%emt 0:00:04]} 26. f3 {[%emt 0:00:22]} Ng3 {[%emt 0:00:21]} 27. Rd2 {[%emt 0:00:01]} Nf5 {[%emt 0:00:05]} 28. Red1 {[%emt 0:00:08]} Ne3 {[%emt 0:00:28]} 1/2-1/2

[Event "Skalica Rapid 2020"]
[Site "Skalica"]
[Date "2020.08.29"]
[Round "6.17"]
[White "Gzib, David"]
[Black "Vadila Ondrej"]
[Result "1/2-1/2"]
[WhiteElo "1770"]
[BlackElo "2057"]
[Annotator "NA"]
[PlyCount "31"]
[EventDate "2020.08.29"]
[EventType "swiss"]
[EventCountry "SVK"]
[SourceTitle "playchess.com"]
[Source "ChessBase"]
[SourceQuality "1"]
[TimeControl "600+5"]

1. e4 {[%emt 0:00:06]} c5 {[%emt 0:00:00]} 2. Nf3 {[%emt 0:00:02]} g6 {[%emt 0:00:02]} 3. d4 {[%emt 0:00:11]} cxd4 {[%emt 0:00:01]} 4. Nxd4 {[%emt 0:00:10]} Bg7 {[%emt 0:00:01]} 5. Be3 {[%emt 0:00:02]} Nc6 {[%emt 0:00:02]} 6. c4 {[%emt 0:00:12]} Nf6 {[%emt 0:00:02]} 7. Nc3 {[%emt 0:00:02]} O-O {[%emt 0:00:02]} 8. f3 {[%emt 0:00:29]} d6 {[%emt 0:00:02]} 9. Qd2 {[%emt 0:00:16]} Nxd4 {[%emt 0:00:12]} 10. Bxd4 {[%emt 0:00:02]} Bd7 {[%emt 0:00:01]} 11. Nd5 {[%emt 0:00:18]} Nxd5 {[%emt 0:00:10]} 12. cxd5 {[%emt 0:00:03]} Bxd4 {[%emt 0:00:13]} 13. Qxd4 {[%emt 0:00:01]} Qa5+ {[%emt 0:00:01]} 14. Qd2 {[%emt 0:00:01]} Qb6 {[%emt 0:00:18]} 15. Qf2 {[%emt 0:01:30]} Qb4+ {[%emt 0:00:26]} 16. Qd2 {[%emt 0:00:02]} 1/2-1/2

[Event "Skalica Rapid 2020"]
[Site "Skalica"]
[Date "2020.08.29"]
[Round "6.18"]
[White "Nemsak Denis"]
[Black "Bidulsky, Matej"]
[Result "0-1"]
[WhiteElo "1869"]
[BlackElo "1548"]
[Annotator "NA"]
[PlyCount "100"]
[EventDate "2020.08.29"]
[EventType "swiss"]
[EventCountry "SVK"]
[SourceTitle "playchess.com"]
[Source "ChessBase"]
[SourceQuality "1"]
[TimeControl "600+5"]

1. c4 {[%emt 0:00:00]} g6 {[%emt 0:00:00]} 2. Nc3 {[%emt 0:00:00]} Bg7 {[%emt 0:00:00]} 3. e4 {[%emt 0:00:05]} e6 {[%emt 0:00:03]} 4. d4 {[%emt 0:00:00]} Ne7 {[%emt 0:00:01]} 5. f4 {[%emt 0:00:00]} d5 {[%emt 0:00:02]} 6. cxd5 {[%emt 0:00:00]} exd5 {[%emt 0:00:01]} 7. e5 {[%emt 0:00:01]} Bf5 {[%emt 0:00:02]} 8. Nf3 {[%emt 0:00:02]} Nd7 {[%emt 0:00:02]} 9. Bd3 {[%emt 0:00:02]} Be6 {[%emt 0:00:06]} 10. O-O {[%emt 0:00:02]} c6 {[%emt 0:00:12]} 11. Qe1 {[%emt 0:00:03]} Nf5 {[%emt 0:00:01]} 12. Qf2 {[%emt 0:00:10]} h6 {[%emt 0:00:04]} 13. Bd2 {[%emt 0:00:04]} Qb6 {[%emt 0:00:01]} 14. b3 {[%emt 0:00:06]} O-O-O {[%emt 0:00:23]} 15. Na4 {[%emt 0:00:09]} Qc7 {[%emt 0:00:07]} 16. Rfc1 {[%emt 0:00:01]} Kb8 {[%emt 0:00:01]} 17. b4 {[%emt 0:00:03]} Nb6 {[%emt 0:00:13]} 18. Nc5 {[%emt 0:00:05]} Qe7 {[%emt 0:00:20]} 19. b5 {[%emt 0:00:01]} f6 {[%emt 0:00:12]} 20. bxc6 {[%emt 0:00:03]} bxc6 {[%emt 0:00:02]} 21. Rab1 {[%emt 0:00:11]} Ka8 {[%emt 0:00:02]} 22. Ba6 {[%emt 0:00:03]} Rb8 {[%emt 0:00:01]} 23. Bb4 {[%emt 0:00:05]} Qe8 {[%emt 0:00:19]} 24. a4 {[%emt 0:00:07]} Bc8 {[%emt 0:00:02]} 25. a5 {[%emt 0:00:27]} Nd7 {[%emt 0:00:08]} 26. Nxd7 {[%emt 0:00:31]} Qxd7 {[%emt 0:00:05]} 27. Bxc8 {[%emt 0:00:10]} Rhxc8 {[%emt 0:00:02]} 28. Bc5 {[%emt 0:00:06]} Rb5 {[%emt 0:00:28]} 29. Rxb5 {[%emt 0:00:17]} cxb5 {[%emt 0:00:02]} 30. a6 {[%emt 0:00:00]} Rc6 {[%emt 0:00:08]} 31. Qa2 {[%emt 0:00:01]} fxe5 {[%emt 0:00:28]} 32. fxe5 {[%emt 0:00:03]} Bf8 {[%emt 0:00:09]} 33. e6 {[%emt 0:00:10]} Qd8 {[%emt 0:01:41]} 34. Ne5 {[%emt 0:00:12]} Rc8 {[%emt 0:00:28]} 35. Nd7 {[%emt 0:00:16]} Ne7 {[%emt 0:00:44]} 36. Bxe7 {[%emt 0:00:45]} Rxc1+ {[%emt 0:00:02]} 37. Kf2 {[%emt 0:00:05]} Qc7 {[%emt 0:00:37]} 38. Qxd5+ {[%emt 0:00:02]} Qc6 {[%emt 0:00:02]} 39. Qxc6+ {[%emt 0:00:30]} Rxc6 {[%emt 0:00:03]} 40. Bxf8 {[%emt 0:00:01]} Rxe6 {[%emt 0:00:02]} 41. Nc5 {[%emt 0:00:06]} Rf6+ {[%emt 0:00:04]} 42. Ke3 {[%emt 0:00:04]} Rxf8 {[%emt 0:00:01]} 43. d5 {[%emt 0:00:01]} Rf5 {[%emt 0:00:10]} 44. Ke4 {[%emt 0:00:01]} Kb8 {[%emt 0:00:02]} 45. g4 {[%emt 0:00:06]} Rf1 {[%emt 0:00:01]} 46. d6 {[%emt 0:00:04]} Rc1 {[%emt 0:00:09]} 47. Kd5 {[%emt 0:00:04]} Kc8 {[%emt 0:00:04]} 48. Kc6 {[%emt 0:01:56]} b4 {[%emt 0:00:02]} 49. Kb5 {[%emt 0:01:32]} Rxc5+ {[%emt 0:00:02]} 50. Kxc5 {[%emt 0:00:01]} b3 {[%emt 0:00:01]} 0-1

[Event "Skalica Rapid 2020"]
[Site "Skalica"]
[Date "2020.08.29"]
[Round "7.1"]
[White "Vadila, Ondrej"]
[Black "Sevcikova, Lucia"]
[Result "1-0"]
[WhiteElo "2057"]
[BlackElo "1801"]
[Annotator "NA"]
[PlyCount "77"]
[EventDate "2020.08.29"]
[EventType "swiss"]
[EventCountry "SVK"]
[SourceTitle "playchess.com"]
[Source "ChessBase"]
[SourceQuality "1"]
[TimeControl "600+5"]

1. d4 {[%emt 0:00:00]} d5 {[%emt 0:00:00]} 2. Bf4 {[%emt 0:00:00]} Nf6 {[%emt 0:00:00]} 3. e3 {[%emt 0:00:00]} c5 {[%emt 0:00:00]} 4. c3 {[%emt 0:00:01]} e6 {[%emt 0:00:02]} 5. Nd2 {[%emt 0:00:03]} Bd6 {[%emt 0:00:03]} 6. Bg3 {[%emt 0:00:01]} Qc7 {[%emt 0:00:07]} 7. Ngf3 {[%emt 0:00:17]} Nbd7 {[%emt 0:00:10]} 8. Bd3 $11 {[%emt 0:00:32]} e5 {[%emt 0:00:14]} 9. dxe5 {[%emt 0:00:03]} Nxe5 {[%emt 0:00:02]} 10. Nxe5 {[%emt 0:00:01]} Bxe5 {[%emt 0:00:01]} 11. e4 {[%emt 0:00:24]} dxe4 {[%emt 0:00:22]} 12. Nxe4 {[%emt 0:00:04]} Nxe4 {[%emt 0:00:05]} 13. Bxe4 {[%emt 0:00:02]} Bd7 {[%emt 0:00:32]} 14. Qf3 {[%emt 0:00:25]} Bxg3 {[%emt 0:00:32]} 15. hxg3 {[%emt 0:00:05]} O-O-O {[%emt 0:00:12]} 16. O-O-O {[%emt 0:00:23]} Rdf8 {[%emt 0:01:31]} 17. Bxb7+ {[%emt 0:00:19]} Qxb7 {[%emt 0:00:10]} 18. Qxb7+ {[%emt 0:00:01]} Kxb7 {[%emt 0:00:01]} 19. Rxd7+ {[%emt 0:00:02]} Kb6 {[%emt 0:00:00]} 20. Re1 {[%emt 0:01:35]} Rd8 {[%emt 0:00:21]} 21. Rxf7 {[%emt 0:00:23]} Rhf8 {[%emt 0:00:17]} 22. Ree7 {[%emt 0:00:13]} Rxf7 {[%emt 0:00:01]} 23. Rxf7 {[%emt 0:00:01]} Rg8 {[%emt 0:00:02]} 24. g4 {[%emt 0:01:05]} a6 {[%emt 0:00:05]} 25. b3 {[%emt 0:00:15]} Kc6 {[%emt 0:00:03]} 26. Kc2 {[%emt 0:00:40]} Re8 {[%emt 0:00:12]} 27. Kd3 {[%emt 0:00:01]} Rd8+ {[%emt 0:00:03]} 28. Kc4 {[%emt 0:00:11]} Rd2 {[%emt 0:00:06]} 29. a4 {[%emt 0:00:09]} Re2 {[%emt 0:00:15]} 30. f3 {[%emt 0:00:30]} Rxg2 {[%emt 0:00:06]} 31. Rxg7 {[%emt 0:00:01]} h5 {[%emt 0:00:22]} 32. Rg6+ {[%emt 0:00:05]} Kb7 {[%emt 0:00:00]} 33. gxh5 {[%emt 0:00:05]} Rf2 {[%emt 0:00:02]} 34. Rf6 {[%emt 0:00:04]} Rh2 {[%emt 0:00:04]} 35. h6 {[%emt 0:00:01]} Rh5 {[%emt 0:00:03]} 36. f4 {[%emt 0:00:11]} Rh4 {[%emt 0:00:04]} 37. Rf7+ {[%emt 0:00:04]} Kb6 {[%emt 0:00:04]} 38. h7 {[%emt 0:00:02]} Rh6 {[%emt 0:00:05]} 39. Rf6+ {[%emt 0:00:03]} 1-0